000 00319nam a2200145Ia 4500
100 _aMathew/Shirley
650 _aCommunication skills
942 _cBK
366 _f15
245 _aProfessional communication and ethics-I
260 _bNirali prakashan
_c2020
082 _bMAT
546 _aENGLISH
999 _c34130
_d34130